Hľadanie optimálneho financovania podniku v súčasných podmienkach

Problém optimalizácie finančnej štruktúry. Určenie bodu indiferencie.

Na minha lista:
Detalhes bibliográficos
Autor principal: Tóthová, Alena, 1968-
Formato: Capítulo de Livro
Idioma:eslovaco
Assuntos:
Tags: Adicionar Tag
Sem tags, seja o primeiro a adicionar uma tag!

MARC

LEADER 00000naa$a2200000$$$4500
001 0182809
005 20240502073127.7
041 0 |a slo 
044 |a SK 
245 1 0 |a Hľadanie optimálneho financovania podniku v súčasných podmienkach  |c Alena Tóthová 
520 |a Problém optimalizácie finančnej štruktúry. Určenie bodu indiferencie. 
610 2 0 |a štruktúra podniku finančná 
610 2 0 |a kapitál cudzí 
610 2 0 |a kapitál vlastný 
610 2 0 |a výnosnosť 
610 2 0 |a financie 
610 2 0 |a úrok 
610 2 0 |a akcie 
100 1 |a Tóthová, Alena, 1968-